| 000 | 00651nam a2200217 i 4500 | ||
|---|---|---|---|
| 001 | 18854 | ||
| 003 | ES-MaACL | ||
| 005 | 20230906151934.0 | ||
| 007 | t| | ||
| 008 | 020321s1963 sp ||||1| spa d | ||
| 080 | _a791.43:175(460) | ||
| 245 | 0 | 3 | _aLa censura de cine en España. |
| 260 |
_aMadrid : _b[Centro Español de Estudios Cinematográficos], _c1963. |
||
| 300 |
_a193 p. ; _c16 cm. |
||
| 490 | 1 |
_aA B C del cine ; _v10 |
|
| 650 | 1 | 4 |
_aCine- _xCensura- _zEspaña. _911016 |
| 710 | 2 |
_aCentro Español de Estudios Cinematográficos. _92730 |
|
| 830 | 1 |
_aA B C del cine ; _v10 _9180527 |
|
| 852 |
_aES-MaACL _jG-228 |
||
| 999 |
_c18854 _d18854 |
||